| 000 | 00360nam a2200133 4500 | ||
|---|---|---|---|
| 005 | 20260530113900.0 | ||
| 100 | 1 |
_aExpoUniversal Sevilla 1992 _932169 |
|
| 245 | 1 | 0 | _aNaturaleza |
| 264 | 1 |
_bSoc. Est. para la exposición Sevilla 92 _c1992 |
|
| 300 | _a184 pƔginas | ||
| 336 |
_atexto _2rdacontent |
||
| 337 |
_asin medio _2rdamedia |
||
| 338 |
_avolumen _2rdacarrier |
||
| 999 |
_c11745 _d11745 |
||